Les 10 joueurs les plus décisifs en Serie A. - Statistiques

Statistiques générales
  • Ce quiz a été pris 89 fois
  • Le résultat moyen est 5 sur 10
Statistiques - réponses
G+A Joueurs Clubs Nationalités % Correct
345 Francesco Totti Roma Italie
96%
225 Zlatan Ibrahimovic JuventusInter Milan Suede
88%
228 Alessandro Del Piero Juventus Italie
77%
240 Ciro Immobile JuventusGenoa Torino Lazio Italie
67%
281 Antonio Di Natale EmpoliUdinese Italie
58%
232 Fabio Quagliarella SampdoriaUdinese Napoli Juventus Torino Italie
47%
185 Domenico Berardi Sassuolo Italie
40%
203 Luca Toni VicenzaBrescia Palerme Fiorentina Roma Genoa Juventus Hellas Italie
37%
208 Alberto Gilardino HellasParme Milan Fiorentina Genoa Bologne Palerme Italie
12%
213 Antonio Cassano BariRoma Sampdoria Milan Inter Parme Italie
7%
Aucun quiz correspondant
Distribution des résultats
% des personnes avec chaque résultat
Percentile par nombre de réponses
Votre historique - résultats
Vous n’avez pas pris ce quiz